Dress code a imidž zamestnanca

Otázka vhodného odevu dotvára spolu s postojmi a schopnosťami zamestnanca imidž zamestnanca. Patrí sem oblečenie a celkový vzhľad, prípadne jednotný odev či firemná uniforma, verbálna a neverbálna komunikácia. Formálny a neformálny odev.

Salvato in:
Dettagli Bibliografici
Autore principale: Záležáková, Eliška
Natura: Capitolo di libro
Lingua:slovacco
Soggetti:
Tags: Aggiungi Tag
Nessun Tag, puoi essere il primo ad aggiungerne!!

MARC

LEADER 00000nla a2200000 4500
001 0197057
005 20240502073326.2
041 0 |a slo 
044 |a SK 
245 1 0 |a Dress code a imidž zamestnanca  |c Eliška Záležáková 
520 |a Otázka vhodného odevu dotvára spolu s postojmi a schopnosťami zamestnanca imidž zamestnanca. Patrí sem oblečenie a celkový vzhľad, prípadne jednotný odev či firemná uniforma, verbálna a neverbálna komunikácia. Formálny a neformálny odev. 
610 2 0 |a zamestnanci 
610 2 0 |a imidž 
610 2 0 |a odevy 
610 2 0 |a komunikácia neverbálna 
610 2 0 |a komunikácia verbálna 
610 2 0 |a podnik 
100 1 |a Záležáková, Eliška